00601nam a2200193Ia 450000500170000000800410001704100120005808200110007010000240008124500220010525000080012726000260013550000150016165000230017670000230019994200070022295201590022999900190038820240823022033.0240823s9999||||xx |||||||||||||| ||und|| aENGLISH A547 J8 a"Kipping,Stanley F" 0aOrganic Chemistry a1st c1958b"W & R, London" aTransfered aOrganicbChemistry a" Kipping,Barry F" cBK 00104070aNICHELIBbNICHELIBcNI Polytechnicald2003-05-09e"Academic Book House,Trivandrum"g5.00l0o547 J8p3168r2024-08-23 02:20:33w2024-08-23yBK c178237d178237